000 01309cam a2200277 4500
001 ABS65387
008 020415n2002 000 0 eng u
035 _a(Sirsi) u117473
100 _aBullard, R
245 _aLand Registration in the world context
260 _c2002
490 _aGeomatics World
_vMarch/April 2002, 34-36(2)
520 _aConsiders land registration in the global context. Discusses systems of land registration in Europe with reference to cadastre surveying, the concept of a boundary, the difference between title and deeds, and the introduction of e-conveyancing. Compares with land registration in the Developing World, detailing problems with systems in the former Soviet Union and South Africa. Outlines factors countries should consider when introducing a new land registration system or updating an existing one, and discusses land registration in the context of land reform and land development. Bibliography.
590 _aABS
650 _aLAND REGISTRATION
650 _aREPUBLIC OF SOUTH AFRICA
650 _aSOVIET UNION
650 _aBoundary disputes
_96221
650 _aLAND REFORM
650 _aDEVELOPING COUNTRIES
650 _aLAND OWNERSHIP
650 _aEUROPE
650 _aCADASTRAL SURVEYING
690 _aGeomatics
_96242
942 _n0
999 _c69982
_d69982